| 000 | 00485nam a22001817a 4500 | ||
|---|---|---|---|
| 999 |
_c11725 _d11725 |
||
| 003 | OSt | ||
| 008 | 230124b ||||| |||| 00| 0 eng d | ||
| 020 | _a9788126568253 | ||
| 082 | _a658.16 KAM | ||
| 100 | _aKAPIL,Sheeba | ||
| 245 | _aMergers and Acquisitions Strategy, Valuation, Leveraged Buyouts, and Financing | ||
| 250 | _a2nd Ed | ||
| 260 |
_aNew Delhi _bWiley _c2021 |
||
| 300 | _a549 | ||
| 650 | _aMergers and Acquisitions | ||
| 700 | _aKAPIL,Kanwal N | ||
| 942 |
_2ddc _cREF |
||